Statistics for Word Ending in "TRY"

Click here to take the quiz!

General Stats

  • This quiz has been taken 20,490 times
    (20,453 since last reset)
  • The average score is 11 of 20

Answer Stats

DefinitionWord% Correct
NationCountry
92%
Croissant or danish, for examplePastry
84%
Small food storeroomPantry
81%
Branch of mathematics concerned with shapesGeometry
80%
Not prosePoetry
74%
Toothbrush or shampoo, for exampleToiletry
66%
Soldiers who fight on footInfantry
65%
Specialty involving prescription eyewearOptometry
61%
Family lineageAncestry
57%
Castle wall hangingTapestry
56%
Domesticated fowlPoultry
55%
A soldier standing guardSentry
51%
Intolerance of any other beliefBigotry
50%
The worship of graven imagesIdolatry
45%
Very hot and humid (or sexy)Sultry
41%
Class of weathly landowners below noble rankGentry
40%
Reading the lines on a handPalmistry
36%
Church room for storing vestmentsVestry
30%
Contemptibly smallPaltry
27%
The production of goods, especially in a factoryIndustry
21%

Score Distribution

Percentile by Number Answered

Percent of People with Each Score

Your Score History

You have not taken this quiz since the last reset